Statistics for Most Appearances in the Champions League By Nationality

Click here to take the quiz!

General Stats

  • This quiz has been taken 108 times
  • The average score is 39 of 64

Answer Stats

AppearancesCountryMain ClubYearsAnswer% Correct
183PortugalReal Madrid2002-Cristiano Ronaldo
100%
163ArgentinaBarcelona2003-Lionel Messi
98%
148FranceReal Madrid2004-Karim Benzema
94%
145WalesManchester United1990-2014Ryan Giggs
94%
111PolandBayern Munich2005-Robert Lewandowski
92%
135ItalyAC Milan1984-2009Paolo Maldini
91%
78CameroonBarcelona1997-2019Samuel Eto'o
91%
140GermanyBayern Munich2008-Thomas Müller
91%
124SwedenParis Saint-Germain1999-Zlatan Ibrahimović
91%
92Cote d'IvoireChelsea1998-2018Didier Drogba
90%
113CroatiaReal Madrid2003-Luka Modrić
90%
79EgyptLiverpool2010-Mohamed Salah
90%
100UkraineAC Milan1994-2012Andriy Shevchenko
89%
110AustriaBayern Munich2010-David Alaba
88%
177SpainReal Madrid1999-2020Iker Casillas
88%
111Czech RepublicChelsea1998-2019Petr Čech
88%
70UruguayParis Saint-Germain2006-Edinson Cavani
85%
63Costa RicaReal Madrid2005-Keylor Navas
85%
83ChileJuventus2005-Arturo Vidal
84%
71BelgiumReal Madrid2009-Thibaut Courtois
82%
74SloveniaAtletico Madrid2009-Jan Oblak
81%
62SenegalLIverpool2011-Sadio Mané
81%
54AlgeriaManchester City2011-Riyad Mahrez
80%
55South KoreaTottenham Hotspur2010-Son Heung-min
80%
125NetherlandsAC Milan1992-2014Clarence Seedorf
78%
124EnglandManchester United1992-2013Paul Scholes
77%
48United States of AmericaChelsea2016-Christian Pulišić
75%
120BrazilReal Madrid1990-2015Roberto Carlos
75%
74IrelandManchester United1989-2006Roy Keane
75%
76GhanaChelsea1998-2020Michael Essien
73%
38GabonBorussia Dortmund2008-Pierre-Emerick Aubameyang
73%
41HungaryReal Madrid1943-1966Ferenc Puskás
72%
77NorwayManchester United1994-2007Ole Gunnar Solskjær
69%
45EcuadorManchester United2004-2021Antonio Valencia
67%
73PeruBayern Munich1996-2020Claudio Pizarro
63%
47MontenegroAtletico Madrid2009-Stefan Savić
59%
44TogoArsenal2001-2020Emmanuel Adebayor
58%
68ScotlandLiverpool1969-1990Kenny Dalglish
58%
59FinlandAjax Amsterdam1987-2011Jari Litmanen
55%
51RomaniaGalatasaray1982-2001Gheorghe Hagi
52%
60BulgariaBayer Leverkusen1998-2018Dimitar Berbatov
51%
50ArmeniaShakhtar Donetsk2007-Henrikh Mkhitaryan
51%
71BelgiumBorussia Dortmund2006-Axel Witsel
50%
36Trinidad and TobagoManchester United1989-2009Dwight Yorke
50%
62MaliBarcelona1996-2017Seydou Keita
49%
87SerbiaInter Milan1995-2013Dejan Stanković
48%
58BelarusArsenal1998-2020Aliaksandr Hleb
44%
45IcelandChelsea1994-2016Eiður Guðjohnsen
40%
70GeorgiaAC MIlan1993-2012Kakha Kaladze
40%
60NigeriaArsenal1992-2012Nwankwo Kanu
40%
61ParaguayBayern Munich1998-2021Roque Santa Cruz
40%
59ColombiaInter Milan1995-2012Ivan Córdoba
36%
88Bosnia and HerzegovinaBayern Munich1995-2012Hasan Salihamidžić
34%
52MexicoFC Porto2010-Héctor Herrera
23%
44MoroccoDeportivo La Coruna1988-2006Noureddine Naybet
11%
61GreeceOlympiakos1989-2011Antonis Nikopolidis
9%
81RussiaCSKA Moscow1998-2018Sergei Ignashevich
9%
43GuadeloupeValencia1985-2007Jocelyn Angloma
8%
52SwitzerlandPSV Eindhoven1992-2012Johann Vogel
8%
60DenmarkPSV Eindhoven1981-2003Jan Heintze
7%
35Slovakia (Czezhoslovakia)Spartak Trnava1958-1980Jozef Adamec
6%
35CyprusPanathinaikos1993-2013Michalis Konstantinou
6%
61TurkeyGalatasaray1988-2005Bülent Korkmaz
3%
45UzbekistanDinamo Kiev1996-2016Maksim Shatskikh
1%

Score Distribution

Percentile by Number Answered

Percent of People with Each Score

Your Score History

You have not taken this quiz